Les fonctions en python 3 - Statistiques

Statistiques générales
  • Ce quiz a été pris 139 fois
  • Le résultat moyen est 8 sur 13
Statistiques - réponses
Hint Réponse % Correct
Afficher du texte print
100%
Convertir en entier int
86%
Renvoie la longueur d'une chaine ou d'une liste len
78%
Demander quelque chose à l'utilisateur input
67%
Permet de rajouter un élément à la fin d'une liste append
65%
Transforme une chaine de caractère en liste list
65%
Convertir un entier en binaire bin
58%
Mettre une chaîne de caractère en minuscule lower
54%
Mettre une chaîne de caractère en majuscule upper
51%
Permet de supprimer un élément d'une liste remove
49%
Permet d'insérer un élément dans une liste insert
46%
Permet de supprimer le dernier élément d'une liste pop
46%
Permet d'obtenir l'emplacement d'un élément dans une liste à partir de celui-ci index
34%
Aucun quiz correspondant
Distribution des résultats
% des personnes avec chaque résultat
Percentile par nombre de réponses
Votre historique - résultats
Vous n’avez pas pris ce quiz